Sistema de control informático de registros de personal y Generación de Nóminas de Farmacias Europeas S,A. Manual de técnico
Este documento describe aspectos técnicos del sistema de control automatizado de registro de personal y generación de nómina de farmacia Europeas S.A, dicha aplicación permitirá llevar control de los empleados existentes y de nuevo ingreso en la empresa así como la generación de nómina....
| Main Authors: | , |
|---|---|
| Other Authors: | |
| Format: | Tesis Section = Libro |
| Language: | Undetermined Spanish |
| Published: |
Managua
UNI
2017
|
| Subjects: |
| LEADER | 01139nam a2200253Ia 4500 | ||
|---|---|---|---|
| 008 | 240830s9999 xx 000 0 und d | ||
| 040 | |a BIBLIOTECA-RUSB/ Mon 005.362 Z25t | ||
| 041 | |a spa | ||
| 082 | |a Mon 005.362 Z25t | ||
| 100 | 1 | |a Zamora Rodríguez, Lester Rodolfo | |
| 100 | 1 | |b Guzmán Mayorga, Santiago Ramón | |
| 245 | 1 | 0 | |a Sistema de control informático de registros de personal y Generación de Nóminas de Farmacias Europeas S,A. Manual de técnico |
| 260 | |a Managua |b UNI |c 2017 | ||
| 300 | |a 53 p. :il. | ||
| 502 | |a Tesis (Ingeniero en Computación) - UNI, 2017. | ||
| 520 | 3 | |a Este documento describe aspectos técnicos del sistema de control automatizado de registro de personal y generación de nómina de farmacia Europeas S.A, dicha aplicación permitirá llevar control de los empleados existentes y de nuevo ingreso en la empresa así como la generación de nómina. | |
| 650 | 7 | |a MANUAL TECNICO | |
| 650 | 7 | |b REGISTRÓ DE USUARIO | |
| 650 | 7 | |c MODELO DE DATOS | |
| 650 | 7 | |d BASES DE DATOS | |
| 700 | 1 | |a Tutor: |b Flores Quintana, Gloria Thalía | |
| 942 | |c BK |2 ddc | ||
| 991 | |a TESIS | ||
| 999 | |c 19733 | ||